Vývoj ukazovateľov hospodárskej konvergencie vo vybraných krajinách EÚ bakalárska práca

Uložené v:
Podrobná bibliografia
Hlavný autor: Chudý, Peter
Korporativný autor: Národohospodárska fakulta EU. Katedra hospodárskej politiky
Ďalší autori: Habrman, Michal
Médium: Kniha
Jazyk:Slovak
Vydavateľské údaje: Bratislava 2013
Tagy: Pridať tag
Žiadne tagy, Buďte prvý, kto otaguje tento záznam!

MARC

LEADER 00000nbm a2200000 4500
001 0172609
005 20161109112105.3
041 0 |a slo 
044 |a SK 
245 1 0 |a Vývoj ukazovateľov hospodárskej konvergencie vo vybraných krajinách EÚ  |b bakalárska práca  |c Peter Chudý ; školiteľ: Michal Habrman 
264 1 |a Bratislava  |c 2013 
300 |a 42 s. 
100 1 |a Chudý, Peter 
700 1 |a Habrman, Michal 
710 2 |a Národohospodárska fakulta EU. Katedra hospodárskej politiky